LIBRARY & INFORMATION CENTRE, KCAET, TAVANUR

ONLINE PUBLIC ACCESS CATALOGUE (OPAC)

Simhasanathilninnu Jaililekku / (Record no. 4262)

MARC details
000 -LEADER
fixed length control field 00451cam a2200169ua 4500
041 ## - LANGUAGE CODE
Language code of text/sound track or separate title mal
082 ## - DEWEY DECIMAL CLASSIFICATION NUMBER
Classification number 894.812308
Item number GOP/SI
100 ## - MAIN ENTRY--AUTHOR NAME
Personal name Gopala Pillai, K N .
245 ## - TITLE STATEMENT
Title Simhasanathilninnu Jaililekku /
260 ## - PUBLICATION, DISTRIBUTION, ETC. (IMPRINT)
Place of publication Kottayam :
Name of publisher Sahitya Pravarthaka Co-operative Society ,
Year of publication 1961.
300 ## - PHYSICAL DESCRIPTION
Number of Pages 178 ; .
942 ## - ADDED ENTRY ELEMENTS (KOHA)
Koha item type Books
Holdings
Withdrawn status Lost status Damaged status Home library Current library Date acquired Full call number Accession Number Koha item type
      KAUAET KAUAET 07/04/2012 894.812308 12810 Books
free website counter